| 000 | 00000nam 2200000zi 4500 |
| 001 | 9.911206 |
| 003 | CaOODSP |
| 005 | 20251024104303 |
| 006 | m o d f |
| 007 | cr mn||||||||| |
| 008 | 220516e202206##quc ob f000 0 eng d |
| 020 | |a9780660435305 |
| 040 | |aCaOODSP|beng|erda|cCaOODSP |
| 043 | |an-cn--- |
| 086 | 1 |aEn84-294/2022E-PDF |
| 245 | 00|aEmission factors and reference values. |
| 250 | |aVersion 1.0. |
| 264 | 1|aGatineau QC : |bEnvironment and Climate Change Canada = Environnement et changement climatique Canada, |cJune 2022. |
| 264 | 4|c©2022 |
| 300 | |a1 online resource (10 pages) |
| 336 | |atext|btxt|2rdacontent |
| 337 | |acomputer|bc|2rdamedia |
| 338 | |aonline resource|bcr|2rdacarrier |
| 500 | |aIssued also in French under title: Coeffcients d'émission et valeurs de référence. |
| 500 | |a"Canada's greenhouse gas offset credit system." |
| 500 | |a"EC22043"--Page [2]. |
| 504 | |aIncludes bibliographical references. |
| 650 | 0|aCarbon offsetting|zCanada. |
| 650 | 0|aGreenhouse gas mitigation|zCanada. |
| 710 | 1 |aCanada. |bEnvironment and Climate Change Canada, |eissuing body. |
| 775 | 08|tCoeffcients d'émission et valeurs de référence.|w(CaOODSP)9.911207 |
| 794 | |tEmission factors and reference values.|bVersion 1.1.|w(CaOODSP)9.922460 |
| 856 | 40|qPDF|s770 KB|uhttps://publications.gc.ca/collections/collection_2022/eccc/En84-294-2022-eng.pdf |
| 986 | |aEC22043 |